[Event "18th Delhi GM Open 2020"]
[Site "Delhi"]
[Date "2020.01.16"]
[Round "10.2"]
[White "Shyaamnikhil P"]
[Black "Ponkratov, Pavel"]
[Result "0-1"]
[WhiteElo "2458"]
[BlackElo "2622"]
[Annotator "TA"]
[PlyCount "113"]
[EventDate "2020.01.09"]
[EventType "swiss"]
[EventCountry "IND"]
[SourceTitle "playchess.com"]
[Source "ChessBase"]
[SourceQuality "1"]

{[%evp 9,113,-10,0,0,0,0,0,0,0,-16,-10,-12,-12,-19,-2,-22,2,2,4,-4,15,24,16,22,53,34,36,36,46,0,142,150,192,180,188,71,79,86,49,67,157,168,152,167,247,252,262,264,264,257,386,379,345,310,324,322,324,329,372,385,378,364,424,431,428,420,410,366,347,332,677,646,559,229,1488,1113,902,146,152,156,154,154,186,166,154,154,125,63,62,61,62,62,62,62,62,70,60,0,0,0,0,0,0,0,0,-31]} 1. Nf3 Nf6 2. g3 d5 3. Bg2 c5 4. c4 d4 5. b4 cxb4 (5... Qc7 6. d3 e5 7. b5 Bd6 8. O-O O-O 9. a4 a5 10. e3 dxe3 11. Bxe3 b6 12. Bg5 Nbd7 13. Nfd2 {1-0 (42) Chigaev,M (2631)-Bluebaum,M (2644) Moscow 2019}) 6. a3 {A09: Réti Opening: 1 Nf3 d5 2 c4} b3 7. d3 Nc6 8. Nbd2 a5 {And now ...a4 would win.} 9. a4 $146 ({Predecessor:} 9. Qxb3 e5 10. O-O Nd7 11. Qc2 a4 12. Re1 Be7 13. e3 {1-0 (26) Perez Mauricio,X (2200)-Silva Rodriguez,F (2174) Ciudad Real 2013}) 9... e5 10. O-O Bb4 11. Nxb3 O-O 12. Ba3 Qe7 13. Bxb4 axb4 14. Ne1 h5 15. Nc2 {[#]} h4 $1 {[%mdl 512]} 16. Qd2 (16. gxh4 Nh5) 16... Ng4 17. a5 Ra6 18. Ra4 hxg3 19. hxg3 e4 (19... Nd8 $11) 20. Bxe4 $16 f5 21. Bd5+ $1 Be6 22. Ncxd4 (22. Bxc6 $18 {has better winning chances.} bxc6 23. Qxb4 (23. Nxb4 Raa8 $16)) 22... Bxd5 23. cxd5 Nxd4 24. Nxd4 Qe8 (24... f4 $1 $14) 25. Rxb4 {Qg5 is the strong threat.} ({Worse is} 25. Qxb4 Qh5 $15) 25... Qh5 {[%csl Gg4][%cal Rh5h2]} 26. Nf3 $1 {[%cal Bd4f3,Bf3h4,Bh4f5][%mdl 32]} Rh6 (26... Qh3 $142) 27. Nh4 $18 g5 28. f3 ({But not} 28. Rxb7 $2 gxh4 29. Qb2 Nf6 $19) 28... Nf6 29. Kf2 f4 (29... Nxd5 $142 30. Qa2 Qf7) 30. Nf5 Rh7 31. Ke1 Nxd5 32. g4 Qf7 33. Re4 Qc7 34. Rc4 Qe5 35. Qa2 Kh8 {intending ...Rh2.} 36. Rc5 Rd8 37. d4 Qe6 {Black hopes to continue with ...Rh2.} 38. Qc4 Rh2 {and the idea ...b6 leaves Black hopeful.} 39. Kd2 b6 $2 (39... Qe8 40. Re1 (40. Rxd5 Rxd5 41. Rh1 Rxh1 $16) 40... Ne3 41. Nxe3 Qxe3+ 42. Kc2 Qxd4 43. Qxd4+ Rxd4 44. Rxg5 Rh7) 40. Rc6 Qe8 {Now ...Ne3 and Black clings on.} 41. Rc1 (41. axb6 $142 Ne3 42. Nxe3 Qxe3+ 43. Kc2 Rxe2+ 44. Kb1 Re1+ 45. Rxe1 Qxe1+ 46. Kb2 Qd2+ 47. Kb3 Qe3+ 48. Qc3) 41... bxa5 $2 (41... Ne3 42. Qe6 Qxe6 43. Rxe6 Nxf5 44. gxf5 bxa5) 42. Qa6 {White threatens Rh6+ and mate.} Qf8 43. Rh6+ $2 (43. Rc8 $18 {is the precise move to win. Threatening mate with Rxd8.} Qb4+ 44. Kd3 Qb3+ {[#]} 45. Ke4 $1 {[%mdl 512]} Rxe2+ 46. Qxe2 Nf6+ 47. Ke5 $1 {[%mdl 512]} Nd7+ 48. Kd6) 43... Rxh6 $16 44. Qxh6+ Qxh6 45. Nxh6 {[%mdl 4096] Endgame Black must now prevent Nf7+. KRN-KRN} Rd7 46. Rc8+ Kh7 47. Nf5 Ra7 48. Rc5 ({White should try} 48. Nd6 $16) 48... a4 $1 $14 49. Kc1 Nb4 50. Kb2 {Threatens to win with Ka3.} a3+ 51. Ka1 $1 Rd7 52. Rc4 Rb7 $1 53. Rc5 (53. Nd6 $14 Rb8 54. Nf7) 53... Kg6 {The position is equal.} 54. Rc4 Rb6 55. Ne7+ Kf7 56. Nc8 Rb8 57. Rc5 {Accuracy: White = 61%, Black = 52%.} 0-1

[Event "18th Delhi GM Open 2020"]
[Site "Delhi"]
[Date "2020.01.16"]
[Round "10.3"]
[White "Stupak, Kirill"]
[Black "Pantsulaia, Levan"]
[Result "0-1"]
[WhiteElo "2506"]
[BlackElo "2598"]
[Annotator "TA"]
[PlyCount "108"]
[EventDate "2020.01.09"]
[EventType "swiss"]
[EventCountry "IND"]
[SourceTitle "playchess.com"]
[Source "ChessBase"]
[SourceQuality "1"]

{[%evp 9,108,0,0,-1,21,21,23,23,20,17,21,26,20,0,0,-68,-67,-120,-121,-133,-152,-152,-155,-128,-131,-168,-132,-129,-128,-143,-130,-143,-143,-132,-120,-118,-130,-123,-70,-79,0,-119,-106,-115,-51,-96,-69,-68,-74,-97,-72,-125,-120,-133,-129,-144,-143,-131,-126,-125,-120,-121,-90,-160,-160,-160,-160,-165,-141,-173,-169,-171,-171,-180,-173,-172,-163,-163,-62,-180,-180,-175,-122,-158,-146,-259,-259,-629,-229,-233,-206,-237,-229,-181,-214,-384,-359,-6111,-6037,-29989,-29990]} 1. d4 Nf6 2. c4 c5 3. Nf3 cxd4 4. Nxd4 a6 5. g3 d5 6. Nb3 {A31: Symmetrical English: 2 Nf3 Nf6 3 d4} (6. Bg2 dxc4 7. O-O e5 8. Nc2 Qxd1 9. Rxd1 Nc6 10. Bg5 Be6 11. Nc3 Be7 12. Ne3 Rc8 13. Bxf6 Bxf6 {1-0 (63) Andreikin,D (2724)-Khusnutdinov,R (2491) Moscow 2019}) 6... Nc6 7. Bg2 {[%cal Rc4d5]} Be6 $146 ({Predecessor:} 7... e6 8. O-O Be7 9. cxd5 exd5 10. Nc3 Be6 11. Be3 b6 12. Na4 Rb8 13. Nd4 {1-0 (22) Bock,U-Doehring,J Germany 1993}) 8. O-O {White has an edge.} dxc4 {Threatens to win with ...Qxd1.} 9. Nc5 Qc8 10. Nxe6 Qxe6 11. Nc3 g6 12. Nd5 (12. Be3 $11) 12... O-O-O $1 $15 {[%cal Rf6d5]} 13. e4 (13. Nb6+ $15 Kc7 14. Qa4 Kxb6 15. Be3+ Kc7 16. Bf4+ Kd7 17. Rad1+ Ke8 18. Rxd8+ Kxd8 19. b4) 13... Nxe4 $17 14. Nb6+ Kc7 15. Qc2 Kxb6 16. Be3+ Nd4 $1 {...Nc5 is the strong threat.} ({Stronger than} 16... Nc5 17. b4 $1 $14 {[%mdl 512]}) 17. Bxe4 f5 18. Bxd4+ Rxd4 19. Bg2 Ka7 20. Rfe1 Qd7 21. Qe2 Bg7 22. Qxe7 Rc8 23. Rac1 Rd2 (23... Rc7 $17 24. Qe3 Bf8) 24. Rc2 $15 {Strongly threatening Rxd2.} Rd4 ({Black should try} 24... Rd6 $17) 25. h4 (25. Rcc1 $1 $11 {keeps the balance.}) 25... Rc7 $17 26. Qe3 {[#]} Qd6 (26... f4 $1 $17 {[%mdl 512]} 27. gxf4 Qf5) 27. Rd1 Qb6 28. Rxd4 Bxd4 29. Qe2 Qc5 30. Bf3 (30. Kh2 $142) 30... Qe5 $36 {[%mdl 2048] Black has strong initiative.} 31. Qxe5 Bxe5 {[%mdl 4096] Endgame KRB-KRB} 32. Kf1 b5 33. Re2 Bh8 34. Ke1 Rd7 35. h5 g5 36. Rc2 (36. g4 $142) 36... Kb6 37. g4 fxg4 38. Bxg4 Rd6 39. Bf5 h6 40. b3 c3 41. Re2 Kc5 42. a3 Bd4 43. f3 Bf6 (43... b4 $19 44. a4 Rd5) 44. Bc2 (44. b4+ $1 $15 Kd5 45. Kd1) 44... a5 $19 45. Re8 Bd4 ({Black should play} 45... Rd2 $19 46. Re2 Rd5) 46. Rc8+ Kd5 47. Be4+ (47. Ke2 $17 {might work better.}) 47... Ke5 48. Rc6 $2 {[#]} (48. Rf8 Bc5 49. Rf5+ Kd4 50. Ke2) 48... Rd8 $2 (48... Bf2+ $1 {[%mdl 512]} 49. Ke2 (49. Kxf2 Rxc6) 49... Rd2+ 50. Kf1 Bd4) 49. Rxh6 Kf4 $1 {Hoping for ...g4.} 50. Rg6 {[#]} Be5 $1 51. h6 {[#]} Rd2 $1 52. h7 $2 (52. b4 Ra2 53. bxa5) 52... Rh2 53. Rc6 $2 (53. Rg8 c2 54. Bxc2 Rxc2 55. h8=Q Bxh8 56. Rxh8) 53... g4 54. Rg6 gxf3 {Accuracy: White = 43%, Black = 62%.} 0-1

[Event "18th Delhi GM Open 2020"]
[Site "Delhi"]
[Date "2020.01.16"]
[Round "10.4"]
[White "Yakubboev, Nodirbek"]
[Black "Fedorov, Alexei"]
[Result "1/2-1/2"]
[WhiteElo "2597"]
[BlackElo "2562"]
[Annotator "TA"]
[PlyCount "60"]
[EventDate "2020.01.09"]
[EventType "swiss"]
[EventCountry "IND"]
[SourceTitle "playchess.com"]
[Source "ChessBase"]
[SourceQuality "1"]

{[%evp 17,60,33,37,35,25,12,51,21,31,22,27,28,35,30,30,28,41,37,51,50,54,53,45,0,0,0,0,0,0,0,0,0,0,0,0,0,0,0,0,0,0,0,0,0,7]} 1. d4 c5 2. d5 d6 3. e4 Nf6 4. Nc3 g6 5. Bb5+ Bd7 6. a4 Bg7 7. Nf3 Bxb5 8. axb5 Nbd7 9. O-O O-O 10. Qe2 {A43: Schmid Benoni} (10. h3 Ne8 11. Qe2 Nc7 12. Bf4 Nb6 13. Rfd1 Qd7 14. e5 f6 15. exd6 exd6 16. Ra5 Rfe8 17. Qd3 f5 18. Rda1 {½-½ (40) Navara,D (2725)-Martinovic,S (2550) Tallinn 2016}) 10... Nb6 11. Ra3 $146 ({Predecessor:} 11. Rd1 Ne8 12. Na4 Nxa4 13. Rxa4 Nc7 14. c4 a6 15. bxa6 b5 16. cxb5 Qd7 17. e5 Nxb5 {0-1 (67) Melkumyan,H (2528)-Milanovic,D (2564) Dubai 2009}) 11... Ne8 12. Nd1 {White is slightly better.} Nc7 13. b3 Qd7 14. c4 a6 15. bxa6 Nxa6 16. Bb2 Nb4 17. Rxa8 Rxa8 18. Bxg7 Kxg7 19. Nc3 f6 20. Qb2 Qg4 {The position is equal.} 21. h3 Qf4 22. Qe2 Nd7 23. g3 Qh6 24. Kg2 Qh5 25. Qd2 Qh6 26. Qe2 Qh5 27. Qd2 Qh6 28. Qe2 Qh5 29. Qd2 Qh6 30. Qe2 Qh5 {Accuracy: White = 44%, Black = 78%.} 1/2-1/2

[Event "18th Delhi GM Open 2020"]
[Site "Delhi"]
[Date "2020.01.16"]
[Round "10.5"]
[White "Visakh N R"]
[Black "Pranesh M"]
[Result "0-1"]
[WhiteElo "2518"]
[BlackElo "2317"]
[Annotator "TA"]
[PlyCount "128"]
[EventDate "2020.01.09"]
[EventType "swiss"]
[EventCountry "IND"]
[SourceTitle "playchess.com"]
[Source "ChessBase"]
[SourceQuality "1"]

{[%evp 18,128,11,0,0,0,0,0,35,40,62,22,28,11,36,0,0,6,37,-10,0,0,0,0,0,-33,0,-114,-128,-72,0,0,0,0,-19,-29,0,-26,-10,-55,-24,-37,-32,-114,0,0,7,-15,0,-133,-125,-118,-119,-128,-134,-120,-80,-146,-142,-237,-211,-214,-227,-220,-202,-447,-414,-637,-666,-910,-878,-864,-844,-1695,-1695,-2106,-2077,-1850,-1847,-1654,-1310,-2264,-2224,-2201,-1931,-29974,-29975,-29979,-29979,-29982,-29977,-29978,-29967,-29980,-29975,-29981,-29982,-29982,-29981,-29979,-29979,-29978,-29979,-29981,-29982,-29986,-29987,-29988,-29988,-29988,-29989,-29989,-29990]} 1. d4 Nf6 2. c4 e6 3. Nc3 Bb4 4. e3 O-O 5. Bd2 b6 6. Nf3 d5 7. cxd5 exd5 8. Bd3 Bb7 9. O-O Nbd7 10. Rc1 a6 {E52: Nimzo-Indian: Rubinstein: 4...0-0 5 Nf3 d5 6 Bd3 b6} 11. Ne5 Nxe5 12. dxe5 Bxc3 {The position is equal.} (12... Nd7 13. f4 Nc5 14. Bb1 d4 15. Ne2 Qd5 16. Rf2 Bxd2 17. Qxd2 {1-0 (40) Yu,Y (2764)-Vaibhav,S (2590) Caleta 2019}) 13. Bxc3 Ne4 14. f4 Nxc3 15. bxc3 Qe7 {[#]} 16. Qf3 $146 ({Predecessor:} 16. Rf3 g6 17. Rg3 Kh8 18. Qd2 {½-½ (51) Epishin,V (2572)-Mikhailov,V (2343) St Petersburg 2013}) 16... Rae8 17. c4 dxc4 18. Bxh7+ Kxh7 19. Qxb7 b5 $1 20. Rf3 Kg8 21. Rh3 Qe6 22. Rf1 (22. Qf3 $11) 22... c6 $17 23. Rg3 Re7 (23... Rb8 $17 24. Qa7 Rbd8) 24. Qxa6 $11 Qd5 25. Qa3 Rd7 26. h4 Rfd8 27. h5 Kh7 28. Rg5 Qe4 {[%mdl 1024] Black has compensation.} 29. Kh2 Qd3 30. Qc1 Qe2 (30... c3 $17 31. e6 fxe6) 31. Qb1+ Rd3 $132 {[%mdl 2048] Black is not holding back} 32. Rg3 c3 {And now ...c2 would win.} 33. Rc1 {[#]} (33. Qb3 $11 {keeps the balance.} R8d5 34. Qb4 Rxe3 35. Rxe3 Qxe3 36. Qe7 (36. Rf3 Qe1 $11)) 33... Qb2 $1 $17 {[%cal Rb2b1]} 34. Qxb2 cxb2 {[%mdl 4096] Endgame KRR-KRR} 35. Rb1 Rd2 {...c5 is the strong threat.} 36. e4 Re2 {Threatens to win with ...c5.} 37. f5 {[#]} ({White should try} 37. Rc3) 37... Ra8 $1 38. h6 (38. e6 $17) 38... Kxh6 39. e6 fxe6 ({And not} 39... Rxe4 40. exf7 Re7 41. Rg6+ Kh7 42. Rxb2 $11) 40. fxe6 Rxa2 41. Rg4 $2 (41. e7 {was the only chance.} Rxe4 42. Rc3) 41... Ra8 42. Kg3 (42. Rg3 $142) 42... g5 $19 43. Kf3 Rc2 {[%cal Ra8a3]} 44. Ke3 b4 45. Rg3 Rc3+ 46. Kf2 Rf8+ 47. Rf3 Rfxf3+ 48. gxf3 {KR-KR} Rc2+ 49. Ke3 Kg7 50. e5 Kf8 51. f4 gxf4+ {Black mates.} 52. Ke4 Ke7 53. Kf5 Rh2 54. Rd1 Rh5+ 55. Kxf4 Kxe6 56. Rd6+ Ke7 57. Rd1 Rh2 58. Ke4 Rc2 59. Rb1 c5 60. Kd5 c4 61. e6 c3 62. Rh1 Rd2+ 63. Ke5 Re2+ 64. Kd5 c2 {Accuracy: White = 46%, Black = 79%.} 0-1

[Event "18th Delhi GM Open 2020"]
[Site "Delhi"]
[Date "2020.01.16"]
[Round "10.6"]
[White "Karthikeyan, Murali"]
[Black "Kaczur, Florian"]
[Result "1-0"]
[WhiteElo "2606"]
[BlackElo "2485"]
[Annotator "TA"]
[PlyCount "57"]
[EventDate "2020.01.09"]
[EventType "swiss"]
[EventCountry "IND"]
[SourceTitle "playchess.com"]
[Source "ChessBase"]
[SourceQuality "1"]

{[%evp 16,57,35,29,47,22,54,54,48,34,35,37,40,81,88,82,72,72,108,91,106,95,95,91,279,193,186,187,185,177,188,173,289,313,297,319,351,337,336,312,681,411,987,957]} 1. e4 e5 2. Nf3 Nc6 3. Bb5 a6 4. Ba4 Nf6 5. O-O b5 6. Bb3 Bc5 7. c3 d6 8. d4 Bb6 9. a4 Bg4 {C78: Ruy Lopez: Archangelsk and Möller Defences} (9... Rb8 10. a5 Ba7 11. h3 O-O 12. Be3 Ra8 13. Nbd2 h6 14. Re1 Re8 15. Qc2 exd4 16. Nxd4 Nxd4 17. cxd4 c5 {1-0 (63) Saric,I (2689)-Maghsoodloo,P (2649) Batumi 2018}) 10. h3 Bh5 11. Bg5 Rb8 {White is slightly better.} 12. axb5 axb5 13. d5 Na5 $146 ({Predecessor:} 13... Na7 14. Qe2 h6 15. Bh4 g5 16. Bg3 O-O 17. Bc2 {1-0 (61) Tsonev,B (2275)-Parushev,A (2314) ICCF email 2011}) 14. Ba2 $36 {[%mdl 2048] White has strong initiative.} h6 15. Bxf6 $1 Qxf6 16. b4 Nc4 17. Bxc4 $1 bxc4 18. Nbd2 Qf4 19. Nxc4 {aiming for Qa4+.} Qxe4 $2 (19... O-O $16) 20. Nxb6 cxb6 21. Re1 $1 {[%cal Re1e4]} Qf4 {[#]} 22. Nxe5 $1 Bxd1 23. Ng6+ {[#]} Kd8 (23... Qe5 $142 $1 24. Nxe5 (24. Rxe5+ dxe5) 24... dxe5) 24. Nxf4 $18 Bb3 25. Ra7 g5 26. Nh5 ({Less strong is} 26. Rxf7 gxf4 27. Re6 Bxd5 $11) 26... Bxd5 27. Ree7 Bb3 $2 (27... Bc6 28. b5 Bxb5) 28. Ng7 {White wants to mate with Red7+.} Ba4 (28... Be6 $142 29. Nxe6+ fxe6 30. Rxe6 Kc8) 29. Rxf7 {Accuracy: White = 89%, Black = 44%.} 1-0

[Event "18th Delhi GM Open 2020"]
[Site "Delhi"]
[Date "2020.01.16"]
[Round "10.7"]
[White "Lugovskoy, Maxim"]
[Black "Martinez Alcantara, Jose Eduardo"]
[Result "1/2-1/2"]
[WhiteElo "2453"]
[BlackElo "2606"]
[Annotator "TA"]
[PlyCount "122"]
[EventDate "2020.01.09"]
[EventType "swiss"]
[EventCountry "IND"]
[SourceTitle "playchess.com"]
[Source "ChessBase"]
[SourceQuality "1"]

{[%evp 9,122,-4,-6,-7,0,-9,-8,-7,-4,-15,0,-15,-9,-25,-16,-35,-39,-35,-36,-53,-50,-49,-9,-42,-18,-18,-16,-10,-11,-14,-7,-19,-16,-25,-22,-21,-22,-41,-20,-41,-18,-47,-3,-3,-2,-25,0,-10,-12,-34,-30,-52,-35,-81,-85,-87,-85,-91,0,0,0,0,645,638,638,579,563,0,0,0,0,0,0,0,0,0,0,0,0,0,0,0,0,0,0,0,0,0,0,0,0,0,0,0,0,0,0,0,0,0,0,0,0,0,0,0,0,0,0,0,0,0,0,0,0]} 1. d4 Nf6 2. Bf4 e6 3. Nc3 d5 4. Nb5 Na6 {[%cal Bb8a6,Ba6c7,Bc7e8,Be8d6,Bd6c4][%mdl 32]} 5. e3 c6 (5... Be7 6. Nf3 O-O 7. Bd3 c6 8. Nc3 Nb4 9. h3 Nxd3+ 10. cxd3 b6 11. O-O Bb7 {0-1 (40) Rapport,R (2731)-Giri,A (2783) Wijk aan Zee 2019}) 6. Nc3 {D00: 1 d4 d5: Unusual lines} Be7 7. h3 b6 $146 ({Predecessor:} 7... Nc7 8. Nf3 O-O 9. Be2 Ne4 10. Nxe4 dxe4 11. Nd2 f5 {0-1 (50) Lubbe,N (2515)-Kulkarni,R (2281) Bastia 2017}) 8. Nf3 Bb7 9. Ne5 Nc7 10. Qf3 O-O 11. Bd3 c5 12. g4 cxd4 13. exd4 Bb4 14. Bg5 Nce8 15. Qe3 Rc8 16. f3 Nd6 17. O-O Nc4 18. Nxc4 $1 dxc4 19. Be4 Bxc3 20. Bxf6 Qxf6 21. bxc3 Bd5 22. Rae1 Rcd8 {[%cal Bc8d8,Bd8d6,Bd6d5,Bd5a5][%mdl 32]} 23. f4 g6 24. f5 exf5 25. gxf5 Bxe4 26. Qxe4 Qg5+ 27. Kh1 Rd6 28. Qe5 Qd8 29. Re3 Rd5 30. Qe4 Ra5 31. Kg1 Rxa2 32. Rg3 {[%cal Rf5g6]} Qd6 33. Rg2 Ra3 (33... Ra5 $17) 34. Qe3 $1 $11 Ra5 35. h4 $1 Kh8 $2 {[%mdl 8192] [#]} (35... Qd7 $11 36. Qf4 (36. fxg6 fxg6 37. Rxf8+ Kxf8 $17) 36... Qc8) 36. h5 $1 $18 {[%mdl 512]} Qd8 (36... gxh5 37. Qg5) 37. fxg6 ({Worse is} 37. Qh6 {[#]} g5 $1 $15 {[%mdl 512]}) 37... fxg6 38. Rxf8+ $2 ({Only move:} 38. hxg6 $18 {g7+ would kill now.} Rxf1+ 39. Kxf1) 38... Qxf8 $11 {The position is equal.} 39. hxg6 $18 {[%mdl 4096] Endgame Intending g7+ and mate. KQR-KQR} Ra1+ 40. Kh2 {White wants to mate with g7+.} Qd6+ {[%mdl 64] Double Attack} 41. Rg3 $1 {White threatens Qe8+ and mate.} hxg6 42. Kg2 $1 Kg7 43. Rh3 Qd5+ 44. Rf3 {Black must now prevent Qe7+.} Qd6 $1 45. Qe8 Ra5 $1 46. Rf7+ Kh6 47. Qh8+ Kg5 48. Rf3 Qc6 $1 {And now ...Rf5 would win.} 49. Kg3 {[%csl Gg3][%cal Rh8h4]} Qd6+ 50. Kh3 {[%csl Gh3][%cal Rh8h4]} Qe6+ 51. Kg2 Qe4 52. Kg3 Qe1+ 53. Kg2 $1 {Rg3+ is the strong threat.} Qe2+ 54. Kg3 {[%csl Gg3][%cal Rh8h4]} Qe1+ 55. Kg2 $1 {aiming for Rg3+.} Qe4 {( -> ...Rf5)} 56. Kg3 Qg4+ 57. Kf2 {Strongly threatening Rg3.} Rf5 58. Qd8+ Kh5 59. Qh8+ $1 Kg5 60. Qd8+ Kh6 61. Qh8+ Kg5 {Accuracy: White = 61%, Black = 74%.} 1/2-1/2

[Event "18th Delhi GM Open 2020"]
[Site "Delhi"]
[Date "2020.01.16"]
[Round "10.8"]
[White "Vishnu Prasanna. V"]
[Black "Mchedlishvili, Mikheil"]
[Result "0-1"]
[WhiteElo "2474"]
[BlackElo "2578"]
[Annotator "TA"]
[PlyCount "64"]
[EventDate "2020.01.09"]
[EventType "swiss"]
[EventCountry "IND"]
[SourceTitle "playchess.com"]
[Source "ChessBase"]
[SourceQuality "1"]

{[%evp 19,64,12,30,20,29,32,29,26,52,18,16,8,21,15,33,15,25,15,15,15,15,21,27,23,35,33,54,38,125,132,111,64,166,167,152,139,142,-534,-543,-621,-584,-582,-573,-780,-756,-2016,-1781]} 1. d4 Nf6 2. Nf3 g6 3. c4 Bg7 4. Nc3 d5 5. cxd5 Nxd5 6. e4 Nxc3 7. bxc3 c5 8. Be3 Qa5 9. Qd2 O-O 10. Rc1 Nd7 {[%cal Bb8d7,Bd7f6,Bf6e4,Be4d6,Bd6f7][%mdl 32]} 11. Bd3 {D85: Exchange Grünfeld: Unusual White 7th moves and lines with 7 Nf3} e5 12. d5 f5 {...f4 is the strong threat.} 13. Qe2 {[#] White has an edge.} Nf6 $146 ({Predecessor:} 13... fxe4 14. Bxe4 Nf6 15. d6 Nxe4 16. Qc4+ Kh8 17. Qxe4 Bf5 18. Qd5 Qa4 {1-0 (62) Yu,Y (2762)-Vidit,S (2718) Danzhou 2018}) 14. Nxe5 Nxe4 15. f4 Nd6 16. O-O Qc7 17. h4 Nf7 $1 18. Bc4 {Threatening d6.} Qd6 19. Rce1 $36 {[%mdl 2048] White is more active.} b6 20. Bf2 Bb7 21. h5 Rae8 {[%cal Rf7e5]} 22. Nxf7 $1 Kxf7 23. Qf3 Bf6 (23... Kg8 $14) 24. Re6 $1 $16 Qd7 25. Rfe1 {Black must now prevent g4.} b5 {[#]} (25... Kg7 $1 $14) 26. Qh3 $1 $18 {And now hxg6+ would win.} bxc4 27. hxg6+ Kxg6 28. g4 $2 {[%mdl 8192] [#]} (28. Bxc5 $16 {Qg3+ would kill now.} Qxd5 29. R1e5 {[%mdl 64] Double Attack}) 28... Rxe6 $1 $19 {Black is clearly winning.} 29. gxf5+ Kg7 30. dxe6 Qd5 31. Kh2 {Black should prevent Rg1+.} Kh8 {( -> ...Rg8)} 32. Rg1 Rg8 {Accuracy: White = 47%, Black = 47%.} 0-1

[Event "18th Delhi GM Open 2020"]
[Site "Delhi"]
[Date "2020.01.16"]
[Round "10.9"]
[White "David, Alberto"]
[Black "Karthik Venkataraman"]
[Result "1/2-1/2"]
[WhiteElo "2562"]
[BlackElo "2479"]
[Annotator "TA"]
[PlyCount "47"]
[EventDate "2020.01.09"]
[EventType "swiss"]
[EventCountry "IND"]
[SourceTitle "playchess.com"]
[Source "ChessBase"]
[SourceQuality "1"]

{[%evp 11,47,12,18,-4,3,-27,-23,-26,0,-27,-22,-27,-9,-22,-27,-68,-45,-50,0,0,0,0,0,0,0,0,0,-10,-10,-9,-9,-7,0,0,0,-8,0,0]} 1. Nf3 Nf6 2. c4 c5 3. Nc3 Nc6 4. d4 cxd4 5. Nxd4 e6 6. g3 Qb6 7. Nf3 {A33: Symmetrical English: 2 Nf3 Nf6 3 d4 cxd4 4 Nxd4 e6 5 Nc3 Nc6} (7. Ndb5 Ne5 8. Bg2 a6 9. Qa4 Rb8 10. Na3 Bc5 11. O-O O-O 12. Rb1 Qb4 13. Qd1 d6 14. Na4 b5 15. Nxc5 Qxc5 16. cxb5 axb5 17. Bg5 {0-1 (96) Wei,Y (2725)-Nepomniachtchi,I (2767) Jerusalem 2019}) 7... d5 8. Bg2 {[%cal Rc4d5]} dxc4 9. O-O $146 {Black has an edge.} ({Predecessor:} 9. Qa4 Bd7 10. Qxc4 Rc8 11. O-O Ne5 12. Qb3 Qxb3 13. axb3 Nc6 14. Be3 {1-0 (53) Quinn,C-Delaney,J Dublin 1979}) 9... Be7 (9... Bd7 {is more complex.} 10. e4 Ng4 11. Qe2 Nce5 12. Bf4 Nd3) 10. Qa4 Qb4 11. Qxb4 Bxb4 12. Bd2 Ke7 13. Na4 Bxd2 14. Nxd2 Na5 15. Rfc1 {The position is equal.} Bd7 16. Nc5 ({Reject} 16. Nxc4 Nxc4 17. Rxc4 b5 $17) 16... Rac8 17. Nxb7 Nxb7 18. Bxb7 Rb8 19. Bf3 Rxb2 20. Nxc4 Rb5 21. Nd2 Rb2 22. Nc4 Rb5 23. Nd2 Rb2 24. Nc4 {Accuracy: White = 55%, Black = 45%.} 1/2-1/2

[Event "18th Delhi GM Open 2020"]
[Site "Delhi"]
[Date "2020.01.16"]
[Round "10.10"]
[White "Lalith Babu M R"]
[Black "Nguyen, Van Huy"]
[Result "1-0"]
[WhiteElo "2558"]
[BlackElo "2463"]
[Annotator "TA"]
[PlyCount "75"]
[EventDate "2020.01.09"]
[EventType "swiss"]
[EventCountry "IND"]
[SourceTitle "playchess.com"]
[Source "ChessBase"]
[SourceQuality "1"]

{[%evp 13,75,10,0,0,17,14,26,14,0,10,17,8,11,23,27,10,6,29,32,-14,2,0,0,0,0,0,0,0,52,54,78,59,95,93,95,77,96,67,363,366,360,359,341,320,302,302,602,588,944,916,858,850,1984,909,848,822,950,943,899,830,1278,950,830,787]} 1. d4 Nf6 2. c4 e6 3. Nf3 d5 4. Nc3 Bb4 5. e3 O-O 6. Bd2 b6 7. cxd5 exd5 8. Rc1 {E51: Nimzo-Indian: Rubinstein: 4...0-0 5 Nf3 d5} (8. Bd3 Bb7 9. Ne5 Bd6 10. O-O c5 11. Rc1 Nc6 12. Ng4 Nd7 13. Nh6+ gxh6 14. Qg4+ Kh8 15. Qf5 Nf6 16. Nxd5 Nxd4 17. Qxf6+ Qxf6 18. Nxf6 {½-½ (40) Wei,Y (2725)-Karjakin,S (2754) Jerusalem 2019}) 8... a6 9. Bd3 Bb7 10. O-O {White has an edge.} Nbd7 11. Ne5 Be7 12. f4 c5 13. Qf3 b5 14. Qh3 $146 {[#] Threatens to win with Nxd7.} ({Predecessor:} 14. a3 cxd4 15. exd4 Nb6 16. Be3 Nc4 17. Rc2 Rc8 18. Bf2 {½-½ (35) Struzka,V (2248)-Glaser,K (2256) ICCF email 2014}) 14... Nxe5 15. dxe5 Ne4 16. Rcd1 Qc7 17. Nxe4 $40 {[%mdl 128] White attacks.} dxe4 18. Bc2 Rad8 19. f5 {Hoping for f6.} f6 20. e6 Rd6 (20... b4 $11) 21. Be1 $14 Rxd1 22. Bxd1 Bd6 23. Bh5 Bd5 24. Bg3 {Black must now prevent Bg6!} Bxg3 ({Don't go for} 24... Bxa2 $2 25. Bxd6 Qxd6 26. Rd1 $18) 25. hxg3 Qe7 $2 {[%mdl 8192]} (25... Bc4 $14) 26. Rd1 $18 Rd8 27. Bf7+ Kh8 28. Bg6 {[%csl Gg6][%cal Rh3h7]} h6 29. Qg4 b4 $2 (29... Kg8 30. Bf7+ Kf8) 30. Rd2 {White is clearly winning.} Bc6 {[#]} 31. Rxd8+ $1 Qxd8 32. Qf4 Be8 33. e7 (33. Bxe8 $142 Qxe8 34. Qxe4) 33... Qxe7 34. Qb8 c4 35. Qxe8+ Qxe8 36. Bxe8 c3 37. bxc3 bxc3 38. Ba4 {Accuracy: White = 77%, Black = 38%.} 1-0